Famous Jennifer's by Picture - Statistics

General Stats
  • This quiz has been taken 150 times
  • The average score is 5 of 6
Answer Stats
Picture Answer % Correct
Jennifer Aniston
96%
Jennifer Lopez
91%
Jennifer Lawrence
89%
Jennifer Garner
68%
Kylie Jenner
56%
Jennifer Love-Hewitt
53%
No matching quizzes found
Score Distribution
Percent of People with Each Score
Percentile by Number Answered
Your Score History
You have not taken this quiz